000 00312nam a2200121Ia 4500
008 220204s9999 xx 000 0 und d
082 _a658.56
_bBES
100 _aDale H
245 0 _aQuality control: A practical approach
260 _aNew Jersey
_bPrentice Hall
_c1979
650 _aQuality control
942 _cBK
999 _c31971
_d31971